[Event "6th Vergani Cup January 2022"]
[Site "Cattolica"]
[Date "2022.01.03"]
[Round "2.8"]
[White "Lodici, Lorenzo"]
[Black "Fataliyeva, Ulviyya"]
[Result "1-0"]
[WhiteElo "2524"]
[BlackElo "2324"]
[Annotator "TA"]
[PlyCount "111"]
[EventDate "2022.01.02"]
[EventType "swiss"]
[EventCountry "ITA"]
[SourceTitle "playchess.com"]
[Source "ChessBase"]
[SourceQuality "1"]

{[%evp 9,111,25,27,9,22,-4,6,6,37,29,75,67,104,111,111,99,103,95,95,93,131,129,145,138,143,120,155,149,156,144,146,139,152,146,141,128,146,96,82,108,123,107,131,130,203,188,179,170,171,174,308,297,311,306,278,323,322,306,319,317,326,309,330,325,328,281,281,240,442,439,435,435,427,424,416,402,395,394,385,374,379,375,366,347,472,490,562,555,1103,937,1026,518,1844,1509,5081,1370,5073,5073,4967,4960,4614,4960,1677,1295]} 1. d4 d5 2. c4 e6 3. Nf3 a6 4. Bg5 Be7 5. Bxe7 Qxe7 6. Qc2 {D30: Queen's Gambit Declined: Systems without Nc3.} Nf6 7. g3 O-O 8. Nbd2 {[%cal Bb1d2,Bd2c4,Bc4a5][%mdl 32] [#] The position is equal.} dxc4 $146 ({Predecessor:} 8... Nc6 9. Bg2 e5 10. dxe5 Nxe5 11. cxd5 Nxd5 12. O-O Rd8 13. Nxe5 Qxe5 14. Nc4 Qe7 {½-½ (23) Bernadskiy,V (2599)-Warmerdam,M (2535) Villorba 2021}) 9. Nxc4 b5 (9... Qb4+ $11 {was preferrable.} 10. Qc3 Qxc3+ 11. bxc3 b6) 10. Na5 $1 $16 Qb4+ 11. Qd2 Qd6 12. Bg2 $1 c5 13. dxc5 Qxc5 14. O-O b4 {[#]} 15. Nd4 $1 Ra7 16. Ndb3 Qe7 17. Rfc1 {White is more active.} Rd8 18. Qe1 e5 19. Nc5 Rc7 20. Nd3 Bg4 21. h3 (21. Qxb4 Qxb4 22. Nxb4 Rxc1+ 23. Rxc1 Bxe2 $16) 21... Bf5 22. Nxb4 Rdc8 {White must now prevent ...Rxc1.} 23. Nbc6 ({White should play} 23. Rxc7 Qxc7 24. Nd3) 23... Nxc6 24. Rxc6 ({Don't play} 24. Nxc6 Qe6 $11) 24... Rxc6 25. Nxc6 Qe8 26. Rc1 {[%cal Ba1c1,Bc1c5,Bc5e5][%mdl 32]} h5 (26... Bd7 $16) 27. Rc5 Bxh3 28. Rxe5 ({Resist} 28. Bxh3 $6 Rxc6 29. Qc3 Rxc5 30. Qxc5 e4 $14) 28... Be6 29. Nd4 Qa4 (29... Qd8 {might work better.} 30. Nxe6 Qd6) 30. Nxe6 $18 fxe6 31. Bh3 ({Weaker is} 31. Rxe6 Rd8 32. b3 Qxa2 $16) 31... Ng4 32. Rxh5 Qd4 {[%cal Oc8c1] Hoping for ...Rc1!} 33. Bxg4 Qxg4 {[%mdl 4096] Endgame KQR-KQR} 34. Rh4 Qg5 {Strongly threatening ...Rc1.} 35. Qb4 Qd5 {( -> ...Rc1+)} 36. Kh2 a5 37. Qe4 Qxe4 38. Rxe4 {KR-KR} Rc2 $2 (38... Kf7 39. a3 Rc2) 39. Rxe6 Rxb2 {[#]} 40. a3 Rb3 41. Re3 a4 42. Kg2 Kf7 43. Kf3 Kf6 44. Ke4 {Threatens to win with Rxb3.} Rb2 45. Kd4 Kf5 46. f3 g5 47. Re5+ {White is clearly winning.} Kf6 48. Ra5 Rxe2 49. Rxa4 Rf2 50. Ra6+ Kf5 (50... Kg7 $142 51. Ke4 Kf7) 51. Ke3 Rb2 52. g4+ Ke5 53. Rg6 Rb3+ 54. Kf2 Rxa3 55. Rxg5+ Kf6 56. Rb5 {Weighted Error Value: White=0.06 (flawless) /Black=0.23 (precise)} 1-0

[Event "6th Vergani Cup January 2022"]
[Site "Cattolica"]
[Date "2022.01.03"]
[Round "2.9"]
[White "Nandhidhaa, P V"]
[Black "Brunello, Sabino"]
[Result "1/2-1/2"]
[WhiteElo "2336"]
[BlackElo "2503"]
[Annotator "TA"]
[PlyCount "80"]
[EventDate "2022.01.02"]
[EventType "swiss"]
[EventCountry "ITA"]
[SourceTitle "playchess.com"]
[Source "ChessBase"]
[SourceQuality "1"]

{[%evp 9,80,13,31,-3,10,18,8,21,36,35,46,22,79,76,87,85,89,88,97,52,45,0,0,0,23,-33,94,91,69,58,49,54,62,65,69,40,118,124,129,77,50,39,117,12,19,-31,-13,-39,-20,-87,15,-46,-8,-8,22,-83,-94,-175,-172,-187,-178,-365,-350,-448,0,0,0,0,0,0,0,0,0]} 1. Nf3 Nf6 2. g3 b5 3. Bg2 Bb7 4. O-O e6 5. d3 c5 6. c3 {A05: Réti Opening: 1 Nf3 Nf6.} d5 {[#]} 7. c4 $146 ({Predecessor:} 7. Qb3 Qb6 8. a4 a6 9. Na3 b4 10. cxb4 cxb4 11. Nc2 a5 12. Be3 Qd8 13. Ncd4 Nbd7 {1-0 (35) Herrera Reyes,J (2304)-Rodchenkov,S (2346) Chess.com INT 2020}) 7... bxc4 8. dxc4 Nbd7 9. cxd5 exd5 10. Nc3 {[%cal Oe2e4]} Be7 (10... d4 $11 11. Na4 Nb6) 11. Nh4 $1 $16 Nb6 12. Nf5 O-O 13. a4 $1 a5 14. Qb3 (14. e4 $16) 14... Re8 $1 $14 15. Bg5 (15. Nb5 $14 {feels stronger.}) 15... Bf8 $11 16. Rad1 {[%cal Oc3e4]} Rb8 {[#]} (16... h6 $5 {[%cal Rh6g5]} 17. Bf4 Re6 $11) 17. Bf4 (17. Ne4 $1 $11 Nbd7 (17... c4 18. Qb5) 18. Nxf6+ Nxf6 19. Bf4) 17... Rc8 (17... d4 $1 $15 {stays ahead.} 18. Bxb8 Bxg2 19. Kxg2 Qxb8) 18. Ne3 $1 $36 {[%mdl 2048] Keeping Black busy. White is much more active.} c4 19. Qc2 h6 {Threatens to win with ...g5.} 20. Nf5 $1 {[%cal Oe2e4]} Bc6 21. e4 (21. Be3 {seems wilder.} Bb4 22. Bd4 Nbd7 23. Bxf6 Nxf6 24. e4) 21... Qd7 {[%cal Rf6e4]} 22. exd5 Bxa4 (22... Nfxd5 $14 23. Ne3 Nxe3 $1 24. Bxe3 Qe6) 23. Nxa4 Qxa4 24. Qxa4 (24. Qc3 $142) 24... Nxa4 25. d6 Nc5 (25... Rc5 $14) 26. g4 (26. Be3 $16) 26... Nd3 {[#]} 27. g5 $1 Nd7 {Pair of Knights!} (27... hxg5 28. Bxg5) 28. Bg3 hxg5 29. Rd2 (29. Bh3 $1 $11 Rcd8 30. b3) 29... N7c5 ({Black should try} 29... N7e5 $17 30. Bb7 Rcd8 31. Bxe5 Rxe5) 30. Nd4 (30. Ne3 $11) 30... Red8 31. Nc6 Nb3 ({Resist} 31... Rxd6 32. Bxd6 Bxd6 33. Nxa5 $16) 32. Rxd3 cxd3 $17 33. Nxd8 (33. Rd1 $17) 33... Rxd8 $19 34. Rd1 Nc5 ({Weaker is} 34... Bxd6 35. Rxd3 Nc1 36. Rd5 Ne2+ 37. Kf1 Nxg3+ 38. hxg3 $11) 35. Rc1 $2 (35. Be5) 35... Bxd6 {And now ...d2 would win.} 36. Bxd6 {[#]} Rxd6 ({Black should play} 36... d2 $1 $19 37. Rd1 Rxd6) 37. Rxc5 $11 {Rd5 is the strong threat. The position is equal.} d2 38. Bf3 {Strongly threatening Bd1.} d1=Q+ 39. Bxd1 Rxd1+ 40. Kg2 Rd2 {Weighted Error Value: White=0.35/Black=0.44} 1/2-1/2

[Event "6th Vergani Cup January 2022"]
[Site "Cattolica"]
[Date "2022.01.04"]
[Round "3.1"]
[White "Korobov, Anton"]
[Black "Bharath Subramaniyam H"]
[Result "1-0"]
[WhiteElo "2699"]
[BlackElo "2479"]
[Annotator "TA"]
[PlyCount "63"]
[EventDate "2022.01.02"]
[EventType "swiss"]
[EventCountry "ITA"]
[SourceTitle "playchess.com"]
[Source "ChessBase"]
[SourceQuality "1"]

{[%evp 16,62,29,16,22,24,36,18,30,20,58,45,41,41,51,15,20,22,56,56,48,46,99,96,227,141,143,132,145,143,136,69,108,92,478,487,470,470,464,247,249,-61,252,247,29997,354,29998,29999,29999]} 1. d4 d5 2. c4 c6 3. Nf3 Nf6 4. Nc3 e6 5. Bg5 Nbd7 6. e3 Qa5 7. cxd5 Nxd5 8. Qd2 {8.Rc1 is the hot move.} Bb4 9. Rc1 Nxc3 {D52: Queen's Gambit Declined: Cambridge Springs Variation.} 10. bxc3 Ba3 11. Rb1 b6 {[#] The position is equal.} 12. Qd3 $146 ({Predecessor:} 12. Bd3 Ba6 13. O-O O-O 14. e4 Bxd3 15. Qxd3 e5 16. Bh4 Rac8 17. Nd2 b5 18. f4 exd4 19. cxd4 {1-0 (34) Can,E (2519)-Vajda,L (2601) Albena 2014}) 12... O-O 13. Be2 Re8 14. O-O Bf8 15. e4 {[%cal Oa2a4]} e5 16. Bd2 {[%cal Oa2a4]} h6 17. Qc4 Bb7 18. a4 Rad8 ({Black should play} 18... exd4 $14 19. cxd4 Qh5) 19. Rfe1 $16 c5 (19... exd4 $16 {is a better defense.} 20. cxd4 Qh5) 20. Qb3 {And now Bb5 would win.} Bxe4 21. Bc4 {[%csl LRe4,LRf7][%mdl 64] Discovered Attack} Bxb1 22. Bxf7+ Kh8 23. Qxb1 ({Much less strong is} 23. Bxe8 $6 Rxe8 24. Qxb1 e4 $14) (23. Rxb1 $16 {Black must now prevent Nh4.} Re7 24. Nh4 exd4 25. Ng6+ Kh7 26. Nxe7 Bxe7 27. Qc2+ (27. Qe6 Bf6 $11) 27... d3 28. Qxd3+ Kh8 29. Qe4) 23... Re7 $14 24. Bc4 {Threatens to win with Nh4. White is much more active.} exd4 $2 {[%mdl 8192]} (24... Qxa4 $2 25. Bb5 Qa3 26. Nh4 $18) (24... b5 $16 25. axb5 Qa4) 25. Nh4 $18 {[%cal Bf3h4,Bh4g6,Bg6f8][%mdl 32] White wants to mate with Ng6+.} Rxe1+ 26. Qxe1 {Ng6+ would kill now.} Nf6 (26... Qxa4 $2 27. Ng6+ Kh7 28. Qe4 $1 Qxc4 29. Ne5+ Kh8 30. Nxc4 $18) 27. cxd4 $40 {[%mdl 128] White attacks with force.} (27. Bb5 $142) 27... Qxa4 28. Ng6+ Kh7 {[#]} 29. Qb1 $1 Rxd4 $2 (29... Bd6 $2 {gets mated.} 30. Nf8+ Kh8 {[#]} 31. Qh7+ $3 {[%mdl 512]} Nxh7 32. Ng6#) (29... Rd5 $18 30. Bxd5 Nxd5) 30. Nxf8+ {[%mdl 64] Discovered Attack (Double check)} Kh8 {[#]} 31. Qh7+ $3 {[%mdl 512]} Nxh7 32. Ng6# {Weighted Error Value: White=0.20 (precise) /Black=0.66} 1-0

[Event "6th Vergani Cup January 2022"]
[Site "Cattolica"]
[Date "2022.01.04"]
[Round "3.2"]
[White "Ioannidis, Evgenios"]
[Black "Niemann, Hans Moke"]
[Result "1-0"]
[WhiteElo "2454"]
[BlackElo "2645"]
[Annotator "TA"]
[PlyCount "67"]
[EventDate "2022.01.02"]
[EventType "swiss"]
[EventCountry "ITA"]
[SourceTitle "playchess.com"]
[Source "ChessBase"]
[SourceQuality "1"]

{[%evp 12,67,41,34,37,39,58,0,69,33,45,14,36,30,34,11,24,-85,-75,-94,-64,-76,-56,-47,23,-14,-15,-11,-29,-27,-33,-16,-45,-32,-47,-33,-40,-32,0,0,0,0,0,0,0,0,84,109,402,377,453,422,420,416,700,683,4810,4686]} 1. d4 Nf6 2. c4 e6 3. Nf3 d5 4. Nc3 c6 5. e3 a6 6. b3 b5 7. Bd3 Nbd7 {D15: Slav Defence: 4 Nc3 a6 and gambit lines after 4 Nc3 dxc4.} 8. Qc2 Bb7 9. O-O (9. cxb5 cxb5 10. Ne2 Bd6 $11) (9. c5 $14) 9... Be7 (9... bxc4 $11 10. bxc4 dxc4) 10. Rd1 O-O 11. Ne5 {[#]} h6 $146 ({Predecessor:} 11... Rc8 12. Nxd7 Qxd7 13. c5 g6 14. b4 a5 15. bxa5 Qc7 16. Bd2 e5 17. a4 exd4 18. exd4 {1-0 (52) Savic,M (2287)-Loncar,R (2450) Rijeka 2008}) 12. Nxd7 (12. cxb5 cxb5 13. Bb2 Rc8 14. Nxd7 Qxd7 $11) (12. f4 {feels hotter.} Nxe5 13. fxe5 Nd7 14. Qe2 dxc4 15. bxc4 bxc4 16. Bxc4 c5 17. Rb1) 12... Nxd7 13. e4 (13. Bb2 {seems wilder.} Qb8 14. Ne2 Rc8 15. c5 a5 16. Nf4) 13... c5 {[%cal Bc6c5,Bc5d4][%mdl 32]} 14. cxb5 (14. exd5 $11 cxd4 15. Ne2 (15. Bh7+ Kh8 $11)) 14... cxd4 $17 15. bxa6 Bxa6 16. Bxa6 Rxa6 (16... dxc3 17. Bb7 $11) 17. Nb5 e5 (17... dxe4 $15 18. Nxd4 Qa8) 18. exd5 {[%cal Od5d6]} (18. Nc7 $5 {[%cal Rc7a6]} Qc8 19. Rd2 $11) 18... Nf6 19. Qe2 {[%cal Ob5d4] [#] Strongly threatening Nxd4!} Rb6 (19... Qxd5 $2 20. Nc7 Qa5 21. Nxa6 $18) ({Resist} 19... Nxd5 {[#]} 20. Nxd4 $1 {[%mdl 512]} Rb6 21. Nf5 $16 (21. Qxe5 Nc3 $17)) 20. Bd2 {And now Ba5 would win.} Qxd5 ({Don't take} 20... Nxd5 21. Ba5 $11) 21. Nxd4 Qxd4 22. Ba5 {[%csl LRb6,LRd4]} Qc5 23. Bxb6 Qxb6 24. Qxe5 Ng4 25. Qxe7 Nxf2 {( -> ...Nh3+)} 26. Kf1 $1 {[%cal Bg1f1,Bf1e2,Be2d1,Bd1c2,Bc2b2][%mdl 32]} Ng4 $1 {[%csl Gg4][%cal Rb6f2]} 27. Rd2 {Prevents Qf2+.} Nxh2+ 28. Ke2 {aiming for Rad1.} Qb5+ (28... Ng4 $1 $11 {remains equal.} 29. Re1 Rc8) 29. Kd1 $16 {Hoping for Rd8.} Qb6 {[%mdl 8192] Prevents Rd8. Black cannot hold the game after this.} (29... Ng4 $16 {was worth a try.} 30. Kc2 Qa5) 30. Kc2 $18 Ng4 31. Kb2 Ne3 {Threatens to win with ...Nc4+.} 32. Rc1 {To avoid Nc4+} Ra8 (32... Nf5 $142 33. Qe5 Ne3) 33. Rd7 Kh8 34. Qxf7 {Weighted Error Value: White=0.14 (very precise) /Black=0.52} 1-0

[Event "6th Vergani Cup January 2022"]
[Site "Cattolica"]
[Date "2022.01.04"]
[Round "3.3"]
[White "Tabatabaei, M. Amin"]
[Black "Pranesh M"]
[Result "1-0"]
[WhiteElo "2643"]
[BlackElo "2437"]
[Annotator "TA"]
[PlyCount "107"]
[EventDate "2022.01.02"]
[EventType "swiss"]
[EventCountry "ITA"]
[SourceTitle "playchess.com"]
[Source "ChessBase"]
[SourceQuality "1"]

{[%evp 13,107,0,0,0,0,0,0,0,0,0,0,0,1,9,0,0,12,0,0,0,0,0,0,-4,0,0,0,0,0,0,0,0,0,-85,0,0,28,27,20,23,30,23,22,23,18,22,22,24,13,8,11,0,0,0,26,16,23,22,24,22,30,6,38,26,32,32,57,57,49,42,146,146,202,204,266,189,258,264,331,315,437,403,669,655,646,631,842,842,807,726,1578,1590,1502,1470,1650,1457]} 1. d4 Nf6 2. c4 e6 3. Nc3 Bb4 4. Qc2 O-O 5. e4 d5 6. e5 Ne4 7. Bd3 c5 $1 {aiming for ...Nc6.} 8. Nf3 {0-0 is the strong threat. E32: Nimzo-Indian: Classical (4 Qc2): 4...0-0.} cxd4 9. Nxd4 Nd7 10. Bf4 {The position is equal.} Qh4 11. g3 Qh5 12. O-O g5 {[#]} 13. cxd5 $1 Bxc3 14. bxc3 {[%cal Od5e6]} exd5 15. Be3 $1 {[%mdl 4] Hoping for f3. outshines the older 15.Bxe4.} Nxe5 16. f3 {Prevents Ng4.} (16. Bxe4 dxe4 17. Qxe4 Re8 $11) 16... Nc5 17. Be2 $5 {[%mdl 4] [#] This bishop pair is nice. An interesting side line.} b6 $146 ({Predecessor:} 17... Nc4 18. Bxc4 dxc4 19. g4 Qg6 20. Qxg6+ hxg6 21. Bxg5 f6 22. Be3 Bd7 23. Rfb1 Rfe8 24. Bf2 b6 {½-½ (24) Celestini,M (2312)-Tornow,M (2338) ICCF email 2018}) 18. g4 ({Reject} 18. f4 Ng4 19. Bxg4 Bxg4 $15) 18... Qg6 19. Qxg6+ fxg6 20. Bxg5 Bd7 21. Kg2 Kg7 22. Rad1 Rae8 23. Kg3 {[#]} (23. Rde1 $11) 23... Nc4 ({Better is} 23... Nxg4 $1 $17 {Strongly threatening ...Ne3.} 24. Rfe1 (24. fxg4 Ne4+ 25. Kh4 h6 $17) 24... Ne5) 24. Rfe1 $11 Ne3 25. Bxe3 Rxe3 26. Bb5 Rfe8 (26... Rxc3 $2 27. Bxd7 Nxd7 28. Ne6+ Kg8 29. Nxf8 Kxf8 30. Rxd5 $18) 27. Rxe3 Rxe3 28. Bxd7 Nxd7 {[%mdl 4096] Endgame KRN-KRN} 29. Nb5 {[%csl LRa7,LRd5]} a6 {[#]} 30. Kf2 $1 Re7 31. Nc7 Ne5 $1 32. Nxa6 Rf7 {[%csl LRf3,LRg4]} 33. Rxd5 Nxg4+ 34. Kg3 Ne3 35. Rd3 Nf5+ 36. Kf2 Kf6 37. f4 g5 38. fxg5+ Kxg5 39. Nb4 Kg4 40. Ke2 h5 41. c4 h4 ({Black should try} 41... Re7+ $14 42. Kd2 Rc7) 42. Nd5 $16 Rb7 (42... Ra7 $16 {was worth a try.}) 43. a4 $18 Kg5 44. Kd2 Nd6 (44... Ne7 $142 45. Kc3 Nxd5+ 46. cxd5 (46. Rxd5+ Kg4 $16) 46... Kf6) 45. Kc3 Ne4+ 46. Kb4 Rf7 47. Re3 Nf2 (47... Nd6 $142 48. Nxb6 Rf1) 48. Nxb6 {White is clearly winning.} Ng4 49. Re2 Kf4 50. a5 {[%cal Ba4a5,Ba5a6][%mdl 32]} Kf3 51. Ra2 h3 52. a6 Ra7 53. Kb5 Nxh2 54. Rxh2 {Weighted Error Value: White=0.07 (flawless) /Black=0.26 (precise)} 1-0

[Event "6th Vergani Cup January 2022"]
[Site "Cattolica"]
[Date "2022.01.04"]
[Round "3.4"]
[White "Pantzar, Milton"]
[Black "Lagarde, Maxime"]
[Result "1-0"]
[WhiteElo "2420"]
[BlackElo "2638"]
[Annotator "TA"]
[PlyCount "111"]
[EventDate "2022.01.02"]
[EventType "swiss"]
[EventCountry "ITA"]
[SourceTitle "playchess.com"]
[Source "ChessBase"]
[SourceQuality "1"]

{[%evp 9,111,46,56,48,63,35,39,23,22,0,0,-19,48,23,22,-29,-29,-39,-13,-16,-28,-27,-27,-42,-39,-41,-37,-41,-43,-119,-81,-126,-118,-115,-91,-77,-80,-93,-6,-7,544,543,543,531,510,462,462,462,462,-1208,462,462,493,493,491,416,631,591,537,486,853,847,852,839,839,754,825,817,817,815,817,816,760,715,1931,560,1608,1866,1606,1584,1551,1406,2844,2521,7586,1510,29956,12842,9602,7691,3008,2904,29982,2040,29978,29979,29979,29976,29980,29981,29981,29982,29978,12273]} 1. d4 f5 2. Nc3 Nf6 3. Bg5 d5 4. e3 Be6 5. Nf3 Nbd7 6. Bd3 {A80: Dutch Defence: Unusual White second moves.} g6 7. O-O {White is more active.} Bg7 8. Ne2 {[#] White is slightly better.} c5 $146 ({Predecessor:} 8... O-O 9. b3 Bf7 10. c4 c6 11. Rc1 Qe8 12. Bf4 Nh5 13. Ne5 Nxe5 14. Bxe5 Bxe5 15. dxe5 {½-½ (71) Diaz Perez,M (2459)-Rychagov,A (2545) Chess.com INT 2020}) 9. dxc5 (9. Nf4 {keeps more tension.} Bf7 10. Ne5 c4 11. Nxf7 Kxf7 12. Be2) 9... Nxc5 10. Ned4 Qb6 (10... Bf7 $11) 11. Nxe6 (11. a4 {feels hotter.} Bd7 12. a5 Qxb2 13. Ne5 a6 14. Qe1) 11... Qxe6 12. Bxf6 (12. Bb5+ $142 Kf7 13. c4) 12... Bxf6 $11 13. Bb5+ Kf8 14. c4 Qb6 {...a6 is the strong threat.} 15. Rc1 {[%cal Oc4d5]} ({Don't blunder} 15. Qxd5 $2 Rd8 16. Nd4 Rxd5 $19) 15... dxc4 16. Bxc4 Rd8 17. Qe2 Qxb2 18. Rc2 Qb6 19. a3 (19. Rfc1 $15) 19... Kg7 $17 20. h4 (20. Rfc1 $142) 20... Rd6 21. Ng5 Rf8 {To avoid Nf7} 22. Ba2 Qa5 23. Rd1 Bxg5 ({Much weaker is} 23... Qxa3 24. Rxd6 exd6 25. Qd1 $14) (23... Rxd1+ $1 $17 24. Qxd1 Rd8) 24. hxg5 {And now Rxd6 would win.} Qxa3 $2 {[%mdl 8192] [#]} (24... h5 $11) 25. Rxd6 $1 $18 exd6 26. Qd1 {Qd4+ would kill now.} Nd3 27. Qa1+ Ne5 28. Rc7+ Kh8 {[#]} 29. Rxh7+ {[%mdl 576] Decoy} Kxh7 {[#]} 30. Bg8+ $1 {[%mdl 576] Discovered Attack} Kxg8 (30... Rxg8 31. Qxa3) 31. Qxa3 {[%mdl 4096] Endgame KQ-KRN} Nf7 32. f4 a6 (32... d5 $142 33. Qxa7 Rd8 34. Qxb7 d4) 33. Qa1 Nd8 34. Qd4 Ne6 (34... Nf7 $142 35. Qf6 Kh7) 35. Qxd6 Re8 36. Qd7 Ng7 37. Kf2 b5 38. Qb7 Re6 39. Kf3 Kf8 40. Qc8+ Kf7 41. Qd8 Re8 42. Qf6+ Kg8 43. Qxa6 Re6 44. Qxb5 Kf7 45. Qb3 {Threatens to win with g4.} Kf8 46. g4 {Intending gxf5 and mate.} Ke7 47. gxf5 (47. Qb7+ $142 Kf8 48. gxf5 gxf5 49. Qc7) 47... gxf5 48. Qd5 (48. Qb7+ $142 Kf8 49. e4 fxe4+ 50. Kg4 Re7 51. Qa8+ Ne8 52. f5 Rh7 53. f6) 48... Kf8 49. Qa8+ Kf7 50. Qd8 Kg6 51. Qf8 (51. e4 $142 Ra6 52. exf5+ Nxf5 53. Qe8+ Kh7 54. Qe4 Ra5 55. Kg4 Kh8 56. Qe8+ Kh7 57. Qd7+ Ng7 58. Qd3+ Rf5 59. Qxf5+ Nxf5 60. Kxf5) 51... Rb6 52. e4 {White mates.} Rb3+ 53. Ke2 Rb6 54. exf5+ Nxf5 55. Qe8+ Kg7 56. Kf3 {Weighted Error Value: White=0.17 (very precise) /Black=0.71} 1-0

[Event "6th Vergani Cup January 2022"]
[Site "Cattolica"]
[Date "2022.01.04"]
[Round "3.5"]
[White "Sarrau, Jelle"]
[Black "Bernadskiy, Vitaliy"]
[Result "0-1"]
[WhiteElo "2406"]
[BlackElo "2599"]
[Annotator "TA"]
[PlyCount "94"]
[EventDate "2022.01.02"]
[EventType "swiss"]
[EventCountry "ITA"]
[SourceTitle "playchess.com"]
[Source "ChessBase"]
[SourceQuality "1"]

{[%evp 9,94,44,43,33,56,33,41,25,45,35,43,34,68,26,27,21,15,24,21,31,24,-27,-10,-13,-19,-12,24,0,0,0,1,0,0,0,0,-8,-8,-19,-11,-18,-10,0,-1,-115,-114,-114,-114,-114,-109,-100,-28,-139,-131,-214,-214,-214,-139,-214,-214,-253,-253,-362,-362,-29945,-29959,-29961,-29959,-29950,-29958,-29951,-29966,-29966,-29967,-29963,-29967,-29969,-29970,-29971,-29972,-29972,-29973,-29973,-29974,-29974,-29975,-29973,-29973]} 1. c4 e5 2. g3 Nc6 3. Bg2 d6 4. Nc3 g5 5. d3 Bg7 6. e4 {A25: English Opening vs King's Indian with ...Nc6 but without early d3.} h6 7. Nge2 (7. h4 $5 {[%cal Rh4g5]}) 7... Nge7 8. O-O {[#] White is slightly better.} Nd4 $146 ({Predecessor:} 8... Ng6 9. Nd5 O-O 10. Nec3 Nd4 11. b4 Be6 12. b5 Qd7 13. Ne3 a6 14. bxa6 Rxa6 {½-½ (84) Koblasa,J (1880)-Korsa,J (2069) Czech Republic 2018}) 9. Nxd4 exd4 10. Ne2 f5 11. h3 (11. f4 $14 g4 12. e5) 11... fxe4 $11 12. Bxe4 O-O $1 (12... Bxh3 13. Nf4 Bc8 14. Qh5+ Kd7 15. Bd5 Nxd5 16. Nxd5) 13. g4 d5 14. cxd5 Nxd5 15. Qb3 (15. f4 $142) 15... Be6 {Strongly threatening ...Nf4.} 16. Qxb7 Qd6 17. Qb5 h5 18. Ng3 (18. Bxg5 hxg4 19. Qa5 (19. hxg4 Rab8 $11) 19... gxh3 $15) 18... c6 19. Qa5 ({Of course not} 19. Qb7 Rab8 20. Qa6 (20. Qxa7 $2 Ra8 $19) 20... hxg4 21. hxg4 Ne3 $1 22. Qxc6 (22. Bxe3 $2 dxe3 23. Qxc6 Qxc6 $19) 22... Qxc6 23. Bxc6 Nxf1 24. Kxf1 Rb6 $17) 19... hxg4 20. hxg4 Bxg4 {White must now prevent ...Be5.} 21. Bxg5 Ne3 $40 {[%cal Of8f2][%mdl 128] Black mounts an attack.} 22. Bxe3 dxe3 23. Qg5 $1 exf2+ 24. Kg2 Qf4 {Really sharp!} 25. Qxf4 Rxf4 26. Rxf2 {[#]} (26. Rac1 $1 $11) 26... Bh3+ $1 $17 {[%mdl 576] Deflection} 27. Kxh3 Rxf2 28. Rc1 {[#]} Rc8 $1 29. Nf5 {Threatens to win with Ne7+.} Rc7 {To avoid Ne7+} (29... Bxb2 $17 30. Rc5 Rc7) 30. Nxg7 {Black continues to play with concentration.} (30. b4 $11) 30... Kxg7 31. Rxc6 (31. b4 $17 {might work better.}) 31... Rxc6 $19 32. Bxc6 $11 {[%mdl 4096] Endgame KR-KB} Kf6 {Hoping for ...Ke5.} 33. Kg3 (33. d4 $17) 33... Rxb2 $19 34. a4 Rb6 35. Be8 (35. Bb5 {was the only defense.}) 35... Ke7 36. Bb5 (36. Bh5 $19) 36... a5 {[%cal Ba7a5,Ba5a4,Ba4a3][%mdl 32] Black mates.} 37. Bc4 Rb4 38. Kf3 Rxa4 39. Ke3 Rb4 40. Kd4 a4 41. Kc3 Rb6 42. Ba2 Kd6 43. Bc4 a3 44. Bb3 Kc5 45. d4+ Kb5 46. d5 Kc5 47. Kc2 Rh6 {Weighted Error Value: White=0.32/Black=0.08 (flawless)} 0-1